| 000 | 00400pam a2200169a 44500 | ||
|---|---|---|---|
| 008 | 230405s1993 xxu||||| |||| 00| 0 eng d | ||
| 041 | _aENG | ||
| 100 | _aProf. Jose Paul | ||
| 245 | _aPrincipals of Business Decision | ||
| 250 | _a1 | ||
| 260 |
_a _bHimalaya Publishing House _c1993 |
||
| 300 | _a242P,21.7cms | ||
| 440 | _a45 | ||
| 690 | _aIMRDA | ||
| 700 | _aDr.N.Ajit Kumar | ||
| 906 | _a837 | ||
| 999 |
_c253696 _d253696 |
||